| Tag |
First Indicator |
Second Indicator |
Subfields |
| LEADER |
00000cam a2200000 a 4500 |
| 001 |
in00000990391 |
| 005 |
20150927154339.0 |
| 008 |
900823s1991 azua b 00110 eng |
| 010 |
|
|
|a 90047234
|
| 020 |
|
|
|a 0897745574 (alk. paper) :
|c $29.95
|
| 035 |
|
|
|a (OCoLC)22388737
|
| 035 |
|
|
|9 AEY1442AM
|
| 040 |
|
|
|a DLC
|c DLC
|d UtOrBLW
|
| 049 |
|
|
|a TXAM
|
| 050 |
0 |
0 |
|a Z283
|b .P37 1991
|
| 082 |
0 |
0 |
|a 808/.02079
|2 20
|
| 100 |
1 |
|
|a Park, Karin R.
|
| 245 |
1 |
0 |
|a Publication grants for writers & publishers :
|b how to find them, win them, and manage them /
|c by Karin R. Park & Beth Luey.
|
| 264 |
|
1 |
|a Phoenix, Ariz. :
|b Oryx Press,
|c 1991.
|
| 300 |
|
|
|a vi, 105 pages :
|b illustrations ;
|c 28 cm.
|
| 336 |
|
|
|a text
|b txt
|2 rdacontent
|
| 337 |
|
|
|a unmediated
|b n
|2 rdamedia
|
| 338 |
|
|
|a volume
|b nc
|2 rdacarrier
|
| 504 |
|
|
|a Includes bibliographical references (pages 95-99) and index.
|
| 650 |
|
0 |
|a Publishers and publishing
|x Finance.
|
| 650 |
|
0 |
|a Proposal writing for grants.
|
| 650 |
|
0 |
|a Self-publishing
|x Finance.
|
| 650 |
|
0 |
|a Authorship
|x Finance.
|
| 700 |
1 |
|
|a Luey, Beth.
|
| 740 |
0 |
|
|a Publication grants for writers and publishers.
|
| 999 |
|
|
|a MARS
|
| 999 |
f |
f |
|s fb68a3ec-1a48-3451-9c32-a128621ac5ff
|i b11d9149-21aa-3cd2-b5af-8d39dd0ea0ac
|t 0
|
| 952 |
f |
f |
|p ric
|a Texas A&M University
|b Rellis Campus
|c Joint Library Facility
|d Remote Storage
|t 0
|e Z283 .P37 1991
|h Library of Congress classification
|i unmediated -- volume
|m A14815135401
|
| 998 |
f |
f |
|a Z283 .P37 1991
|t 0
|l Remote Storage
|